Writing about literature brief tenth edition
Salvato in:
| Autore principale: | |
|---|---|
| Natura: | Libro |
| Lingua: | inglese |
| Pubblicazione: |
Prentice Hall
2003
|
| Tags: |
Aggiungi Tag
Nessun Tag, puoi essere il primo ad aggiungerne!!
|
MARC
| LEADER | 00000nam a22000007a 4500 | ||
|---|---|---|---|
| 008 | 211028b ||||| |||| 00| 0 eng d | ||
| 020 | |a 0130978574 | ||
| 100 | |a Roberts, Edgar V. | ||
| 245 | |a Writing about literature |b brief tenth edition |c Edgar V. Roberts |g xvi, 272 p. : ill. | ||
| 250 | |b 10th ed. | ||
| 260 | |b Prentice Hall |c 2003 |d Book |h Upper Saddle River, New Jersey |i 653475 |i 653476 |i 653477 |i 653478 |i 653479 |i 653480 |i 653769 |i 653770 |i 653772 |i 653773 |i 654393 |i 669833 |i 669834 |i 669835 |i 669836 |i 670842 |i 670843 |i 670844 |l PE 1479.C7R541 |m English language--Rhetoric. |m Literature--History and criticism--Theory, etc. |m Criticism--Authorship. |m Academic writing. | ||
| 500 | |a Includes index. | ||
| 942 | |a lcc |c BK |e Olagoke,M.A. |f 28/10/2021 | ||
| 952 | |0 0 |1 0 |2 lcc |4 0 |7 0 |9 3721 |a HOL |b ART |c LP |d 2021-10-28 |o PE 1479.C7R541 |p 2021-67455 |r 2021-10-28 00:00:00 |t 670843 |w 2021-10-28 |y BK | ||
| 952 | |0 0 |1 0 |2 lcc |4 0 |7 0 |9 3722 |a HOL |b ART |c LP |d 2021-10-28 |o PE 1479.C7R541 |p 2021-67456 |r 2021-10-28 00:00:00 |t 670844 |w 2021-10-28 |y BK | ||
| 952 | |0 0 |1 0 |2 lcc |4 0 |7 0 |9 3723 |a HOL |b ART |c LP |d 2021-10-28 |o PE 1479.C7R541 |p 2021-67457 |r 2021-10-28 00:00:00 |t 643842 |w 2021-10-28 |y BK | ||
| 952 | |0 0 |1 0 |2 lcc |4 0 |7 0 |9 3724 |a HOL |b ART |c LP |d 2021-10-28 |o PE 1479.C7R541 |p 2021-67458 |r 2021-10-28 00:00:00 |t 654393 |w 2021-10-28 |y BK | ||
| 952 | |0 0 |1 0 |2 lcc |4 0 |7 0 |9 3725 |a HOL |b LL |c LP |d 2021-10-28 |o PE 1479.C7R541 |p 2021-67459 |r 2021-10-28 00:00:00 |t 653772 |w 2021-10-28 |y BK | ||
| 952 | |0 0 |1 0 |2 lcc |4 0 |7 0 |9 3726 |a HOL |b LL |c AF |d 2021-10-28 |o PE 1479.C7R541 |p 2021-67460 |r 2021-10-28 00:00:00 |t 653773 |w 2021-10-28 |y BK | ||
| 952 | |0 0 |1 0 |2 lcc |4 0 |7 0 |9 3727 |a HOL |b ED |c LP |d 2021-10-28 |o PE 1479.C7R541 |p 2021-67461 |r 2021-10-28 00:00:00 |t 653769 |w 2021-10-28 |y BK | ||
| 952 | |0 0 |1 0 |2 lcc |4 0 |7 0 |9 3728 |a HOL |b ED |c LP |d 2021-10-28 |o PE 1479.C7R541 |p 2021-67462 |r 2021-10-28 00:00:00 |t 653770 |w 2021-10-28 |y BK | ||
| 952 | |0 0 |1 0 |2 lcc |4 0 |7 0 |9 3729 |a HOL |b SSL |c LP |d 2021-10-28 |o PE 1479.C7R541 |p 2021-67463 |r 2021-10-28 00:00:00 |t 653475 |w 2021-10-28 |y BK | ||
| 952 | |0 0 |1 0 |2 lcc |4 0 |7 0 |9 3730 |a HOL |b MPL |c LP |d 2021-10-28 |o PE 1479.C7R541 |p 2021-67464 |r 2021-10-28 00:00:00 |t 653476 |w 2021-10-28 |y BK | ||
| 952 | |0 0 |1 0 |2 lcc |4 0 |7 0 |9 3731 |a HOL |b HOL |c LP |d 2021-10-28 |o PE 1479.C7R541 |p 2021-67465 |r 2021-10-28 00:00:00 |t 653477 |w 2021-10-28 |y BK | ||
| 952 | |0 0 |1 0 |2 lcc |4 0 |7 0 |9 3732 |a HOL |b HOL |c LP |d 2021-10-28 |o PE 1479.C7R541 |p 2021-67466 |r 2021-10-28 00:00:00 |t 653478 |w 2021-10-28 |y BK | ||
| 952 | |0 0 |1 0 |2 lcc |4 0 |7 0 |9 3733 |a HOL |b HOL |c LP |d 2021-10-28 |o PE 1479.C7R541 |p 2021-67467 |r 2021-10-28 00:00:00 |t 653479 |w 2021-10-28 |y BK | ||
| 952 | |0 0 |1 0 |2 lcc |4 0 |7 0 |9 3734 |a HOL |b HOL |c LP |d 2021-10-28 |o PE 1479.C7R541 |p 2021-67468 |r 2021-10-28 00:00:00 |t 653480 |w 2021-10-28 |y BK | ||
| 952 | |0 0 |1 0 |2 lcc |4 0 |7 0 |9 3735 |a HOL |b SL |c LP |d 2021-10-28 |o PE 1479.C7R541 |p 2021-67469 |r 2021-10-28 00:00:00 |t 669833 |w 2021-10-28 |y BK | ||
| 952 | |0 0 |1 0 |2 lcc |4 0 |7 0 |9 3867 |a HOL |b EDM |c LP |d 2021-11-11 |o PE1479.CR54 |p 2021-67592 |r 2021-11-11 00:00:00 |t 669834 |w 2021-11-11 |y BK | ||
| 952 | |0 0 |1 0 |2 lcc |4 0 |7 0 |9 3868 |a HOL |b TL |c LP |d 2021-11-11 |o PE1479.CR541 |p 2021-67593 |r 2021-11-11 00:00:00 |t 669835 |w 2021-11-11 |y BK | ||
| 952 | |0 0 |1 0 |2 lcc |4 0 |6 PE1479 C R541 |7 0 |9 3869 |a HOL |b AG |c LP |d 2021-11-11 |l 0 |o PE1479.CR541 |p 2021-67594 |r 2021-11-11 00:00:00 |t 669836 |w 2021-11-11 |y BK | ||
| 999 | |c 1854 |d 1854 | ||